Name the 15 Sports in the Winter Olympics❄️🏒🥌🎿 - Statistics

General Stats
  • This quiz has been taken 113 times
  • The average score is 9 of 15
Answer Stats
Hint Answer % Correct
I Ice Hockey
86%
C Curling
78%
F Figure Skating
76%
B Bobsleigh
70%
S Snowboarding
66%
L Luge
65%
S Speed Skating
62%
B Biathlon
61%
A Alpine Skiing
59%
C Cross-Country Skiing
57%
S Ski Jumping
56%
S Skeleton
51%
N Nordic Combined
30%
F Freestyle Skiing
22%
S Short Track Speed Skating
22%
No matching quizzes found
Score Distribution
Percent of People with Each Score
Percentile by Number Answered
Your Score History
You have not taken this quiz